00668 2200241 4500001002100000005001500021035002000036007000300056008004100059040001700100100003200117245008300149250001300232300003700245041000800282082001000290084001600300090002400316260004500340650001600385850001000401990001500411INLIS00000000000372020260528094346 a0010-0721000075ta260528 0  aSBPUPADbInd0 aTim Departemen Kesehatan RI1 aPedoman Perawatan Pasien TB Baru di Rumah Sakit /cTim Departemen Kesehatan RI a--Cet--1 axi, 73 hlm. :billus. ;c20,5 cm07aInd a610.6 a610.6 TIM p a610.73 WAH i 15-10 a--Jakarta :bDepartemen Kesehatan,c1999 4aKeperawatan aPUPAD a273/B/2013